[Event "Kiel op 31st"]
[Site "Kiel"]
[Date "2018.07.31"]
[Round "6"]
[White "Hu, Yik Kwan"]
[Black "Hoppe, Marc"]
[Result "1-0"]
[WhiteElo "1504"]
[BlackElo "1723"]
[PlyCount "45"]
[EventDate "2018.07.28"]
[EventType "swiss"]
[EventRounds "9"]
[EventCountry "GER"]
[SourceTitle "CBM 185 Extra"]
[Source "ChessBase"]
[SourceDate "2018.07.29"]
[SourceVersion "1"]
[SourceVersionDate "2018.07.29"]
[SourceQuality "1"]

1. e4 c6 2. d4 d5 3. Nc3 dxe4 4. Nxe4 Nf6 5. Nxf6+ exf6 6. Nf3 Bf5 7. Bd3 Qd5 8. 0-0 Bd6 9. c4 Bxh2+ 10. Nxh2 Qd7 11. Bxf5 Qxf5 12. Re1+ Kd8 13. Qf3 Qa5 14. Bf4 Nd7 15. Qe3 Kc8 16. Qe7 g5 17. Bd6 b5 18. b4 Qa6 19. Qxf7 Rd8 20. Re8 Kb7 21. Rxd8 Rxd8 22. Be7 Rc8 23. Bxf6 1-0

[Event "Kiel op 31st"]
[Site "Kiel"]
[Date "2018.07.30"]
[Round "5"]
[White "Hoppe, Marc"]
[Black "Wenske, Hardy"]
[Result "1/2-1/2"]
[WhiteElo "1723"]
[BlackElo "1725"]
[PlyCount "70"]
[EventDate "2018.07.28"]
[EventType "swiss"]
[EventRounds "9"]
[EventCountry "GER"]
[SourceTitle "CBM 185 Extra"]
[Source "ChessBase"]
[SourceDate "2018.07.29"]
[SourceVersion "1"]
[SourceVersionDate "2018.07.29"]
[SourceQuality "1"]

1. d4 d5 2. Bf4 Nf6 3. Nf3 c6 4. e3 e6 5. c4 Bd6 6. Ne5 Bb4+ 7. Nc3 Qa5 8. Qc2 Ne4 9. Rc1 Qxa2 10. cxd5 exd5 11. Bd3 Bxc3+ 12. bxc3 Qxc2 13. Rxc2 Nf6 14. c4 0-0 15. 0-0 Nbd7 16. Rb1 Nxe5 17. Bxe5 dxc4 18. Rxc4 Nd5 19. e4 Nb6 20. Rcb4 Nd7 21. Bd6 Re8 22. f4 a5 23. Ra4 b5 24. Bxb5 cxb5 25. Rxb5 Rxe4 26. Bc5 Re8 27. Raxa5 Rxa5 28. Rxa5 f6 29. Kf2 Kf7 30. f5 g6 31. g4 gxf5 32. gxf5 Kg7 33. Bd6 Kf7 34. Kg3 Rg8+ 35. Kf4 Re8 1/2-1/2

[Event "Kiel op 30th"]
[Site "Kiel"]
[Date "2017.08.04"]
[Round "9.42"]
[White "Hoppe, Marc"]
[Black "Bernard, Adrian"]
[Result "1-0"]
[WhiteElo "1732"]
[BlackElo "1745"]
[PlyCount "103"]
[EventDate "2017.07.29"]
[EventType "swiss"]
[EventRounds "9"]
[EventCountry "GER"]
[SourceTitle "EXT 2018"]
[Source "ChessBase"]
[SourceDate "2017.10.13"]
[SourceVersion "1"]
[SourceVersionDate "2017.10.13"]
[SourceQuality "1"]

1. d4 d5 2. Nf3 e6 3. e3 a6 4. c4 dxc4 5. Bxc4 Nf6 6. Nc3 c5 7. 0-0 Nc6 8. d5 Nxd5 9. Bxd5 exd5 10. Nxd5 Bg4 11. h3 Bh5 12. e4 Bd6 13. Qb3 b5 14. Nf4 Bxf3 15. Qxf3 Nd4 16. Qd3 0-0 17. b4 Be5 18. Rb1 c4 19. Qd1 c3 20. Qd3 c2 21. Rb2 Rc8 22. Nd5 g6 23. Kh1 Qd6 24. f4 Bg7 25. Ne3 Rfd8 26. e5 Qc6 27. Rf2 Nf5 28. Qxc2 Nd4 29. Qxc6 Rxc6 30. Rf1 f6 31. Ng4 fxe5 32. fxe5 Nf5 33. Kh2 h5 34. Nf6+ Bxf6 35. exf6 Kf7 36. Re2 Rd7 37. g4 hxg4 38. hxg4 Nd4 39. Re4 Rc2+ 40. Kh3 Nc6 41. Bg5 Rd3+ 42. Be3 Rcc3 43. Rf3 Ra3 44. Kh4 Rxa2 45. g5 Raa3 46. Kg4 Rab3 47. Rh3 Kg8 48. Re8+ Kf7 49. Rhh8 Rxb4+ 50. Bf4 Ne5+ 51. Rxe5 Rbd4 52. Re7# 1-0

[Event "Kiel op 30th"]
[Site "Kiel"]
[Date "2017.07.30"]
[Round "3"]
[White "Henschen, Patrick"]
[Black "Hoppe, Marc"]
[Result "0-1"]
[WhiteElo "1720"]
[BlackElo "1732"]
[PlyCount "66"]
[EventDate "2017.07.29"]
[EventType "swiss"]
[EventRounds "9"]
[EventCountry "GER"]
[SourceTitle "EXT 2018"]
[Source "ChessBase"]
[SourceDate "2017.10.13"]
[SourceVersion "1"]
[SourceVersionDate "2017.10.13"]
[SourceQuality "1"]

1. d4 d5 2. c4 e6 3. Nf3 Nf6 4. Nc3 c5 5. cxd5 Nxd5 6. e4 cxd4 7. Nb5 Nb4 8. a3 N4c6 9. Bf4 Na6 10. Rc1 f6 11. e5 f5 12. b4 h6 13. h4 Qd5 14. Qd3 Bd7 15. Nfxd4 Nxe5 16. Qe3 Nc6 17. Rd1 Kf7 18. Nxf5 Qxf5 19. Rxd7+ Kg6 20. g3 Rd8 21. Rxd8 Nxd8 22. Bh3 Qb1+ 23. Kd2 Qxh1 24. Bxe6 Nxe6 25. Qxe6+ Kh7 26. Nd6 Qf3 27. Ne4 Bxb4+ 28. axb4 Rd8+ 29. Nd6 Qxf2+ 30. Kc1 Qg1+ 31. Kb2 Qd4+ 32. Kc1 Nxb4 33. Qf5+ g6 0-1